000
00268nam a22001217a 4500
999
_c
534449
_d
534449
040
_c
MSOHAIL
082
_a
891.439301
100
_a
Mumtaz Mufti
_9
370
245
_a
Ghubary - غبارے
260
_a
Lahore
_b
Al-Faisal
_c
c2008
300
_a
144;pxv
942
_2
ddc
_c
BK